000 01932nam a2200349 c 4500
003 BLK
005 20180420214136.0
008 180412b bul|||||r ||||||| ||bul||
010 _aKNG00008100000
020 _a954-8492-06-7
_bиздат.: Информа-Интелект
040 _aBLK
041 _aBUL
_cBUL
080 _aОбществени финанси. Финансово законодателство. Подразделя се със знака за съотношение и индекса 336. 12
_b351.72
_x:657(497.2)(094.5)
_z351.72:657(497.2)(094.5)
080 _aАдминистративно право - Обща част, субекти и обекти, юридически действия, административни актове, особена част, отделни видове управления, право на организации и др.
_b342.9
_x(497.2)
_z342.9(497.2)
100 1 _aКараниколов, Любен Киров
_eпърви автор
_9244948
139 _aКараниколов, Любен Киров
_bК 34
245 1 0 _aНарушенията на закона за счетоводството
_bУстановяване и санкциониране ; Административноправен режим
_cЛюбен Киров Караниколов.
257 _aBGR
260 София
_bИнформа-Интелект
_c1995
300 _a120 с.
_c20 см
380 _a3
650 4 _aСчетоводна отчетност - България - закони
_9251904
650 4 _aАдминистративно право - България
_9251905
653 _aсчетоводна отчетност
653 _aадминистративно право
653 _aзакони
852 _aЦб 183210
856 4 _qpdf
_u
856 4 _qpdf
_u
942 _cKNG
_n0
944 _aCR
_c15.01.2003
_kЦветанка_Енчева
944 _aED
_c19.01.2006
_k
999 _c6838
_d6838